| 000 | 00634nam a2200157Ia 4500 | ||
|---|---|---|---|
| 008 | 151213s9999 xx 000 0 und d | ||
| 100 | _aশেখ মোহা: আজাদ | ||
| 245 |
_aমেীখিক (ভাইভা) সহায়িকা ও জুডিশিয়াল সার্ভিস হ্যান্ড্স বুক _cশেখ মোহা: আজাদ |
||
| 250 | _a১ম সং | ||
| 260 |
_aঢাকা _bসৈয়দা সাবিহা সূলতানা _c2008 |
||
| 300 | _a7926 p. | ||
| 650 | _aLaw | ||
| 650 | _aLaw | ||
| 700 | _aশেখ মোহা: আজাদ | ||
| 999 |
_c4051 _d4051 |
||